Szczegóły MARC21

Graf Öderland ; Don Juan oder Die Liebe zur Geometrie ; Kleine Prosaschriften ; Der Laie und die Architektur ; Achtung: Die Schweiz /

003 -Nazwa inst., której nr kontr. jest w polu 001 [,]
    • @
    • Nazwa instytucji, której n kontrolny jest w polu 001
    • NUKAT
005 -DATA I CZAS OSTATNIEJ MODYFIKACJI [,]
    • @
    • pole kontrolne
    • 20241231103708.0
040 -Instytucja sporządzająca opis [ , ]
    • a
    • Instytucja, która sporządziła opis (NP)
    • WA U/70AO
    • c
    • Instytucja, która sporządziła rekord (NP)
    • WA U/AO
    • d
    • Instytucja, która zmodyfikowała rekord (P)
    • WA U/MST
    • d
    • Instytucja, która zmodyfikowała rekord (P)
    • KAT U/MBs
942 -Rodzaj dokumentu [ , ]
    • c
    • Rodzaj dokumentu
    • Książka
100 -Hasło główne - nazwa osobowa [1, ]
    • a
    • Nazwa osobowa (NP)
    • Frisch, Max
    • d
    • Daty biograficzne (NP)
    • (1911-1991).
    • 9
    • KHW
    • 83982
240 -Tytuł ujednolicony [1,0]
    • a
    • Tytuł ujednolicony
    • Graf Öderland
    • l
    • Język tekstu
    • (niem.)
    • 9
    • KHW
    • 474528
245 -Strefa tytułu i oznaczenia odpowiedzialności [1,0]
    • a
    • Tytuł
    • Graf Öderland ; Find
    • b
    • Ciąg dalszy tytułu (NP)
    • Don Juan oder Die Liebe zur Geometrie ; Kleine Prosaschriften ; Der Laie und die Architektur ; Achtung: Die Schweiz / Find
    • c
    • Pozostałe elementy strefy tytułu i oznaczenia odpowiedzialności (NP)
    • Max Frisch.
250 -Strefa wydania [ , ]
    • a
    • Oznaczenie wydania (NP)
    • 2. Aufl.
260 -Strefa adresu wydawniczego [ , ]
    • a
    • Miejsce wydania (P)
    • Frankfurt am Main :
    • b
    • Nazwa wydawcy (P)
    • Suhrkamp,
    • c
    • Data wydania (P)
    • 1976.
300 -Strefa opisu fizycznego [ , ]
    • a
    • Określenie formy książki i/lub objętość (NP)
    • 357, [1] s. ;
    • c
    • Format (NP)
    • 18 cm.
336 -Typ zawartości [ , ]
    • a
    • Termin opisujący typ zawartości
    • Tekst
    • b
    • Kod określający zawartość
    • txt
    • 2
    • Źródło (terminu i kodu)
    • rdacontent
337 -Typ mediów [ , ]
    • a
    • Tryb odtwarzania
    • Bez urządzenia pośredniczącego
    • b
    • Kod typu mediów
    • n
    • 2
    • Źródło (terminu i kodu)
    • rdamedia
338 -Typ/rodzaj nośnika [ , ]
    • a
    • Hasło opisujące typ nośnika
    • Wolumin
    • b
    • Kod typu nośnika
    • nc
    • 2
    • Źródło (terminu i kodu)
    • rdacarrier
490 -Strefa serii i książki wielotomowej - forma nie do wyszukiwania [1, ]
    • a
    • Tytuł (P)
    • Gesammelte Werke in zeitlicher Folge / Max Frisch ; Find
    • v
    • Numeracja (P)
    • Bd. 3, 1949-1956, T. 1
490 -Strefa serii i książki wielotomowej - forma nie do wyszukiwania [1, ]
    • a
    • Tytuł (P)
    • Werkausgabe Edition Suhrkamp ; Find
    • v
    • Numeracja (P)
    • Bd. 5
830 -Hasło dodatkowe serii i opisu książki wielotomowej - tytuł ujednolicony/tytuł [ ,0]
    • a
    • Tytuł ujednolicony/tytuł (NP)
    • Edition Suhrkamp
    • x
    • ISSN
    • 0422-5821
    • v
    • Oznaczenie tomu (NP)
    • 5
    • 9
    • KHW
    • 22943
655 -Hasło w funkcji tematu formalnego [ ,7]
    • a
    • Hasło
    • Dramat szwajcarski w języku niemieckim
    • y
    • Określnik chronologiczny
    • 1945-.
    • 2
    • Źródło terminu
    • kaba
    • 9
    • KHW
    • 415596
655 -Hasło w funkcji tematu formalnego [ ,7]
    • a
    • Hasło
    • Proza szwajcarska w języku niemieckim
    • y
    • Określnik chronologiczny
    • 1945-.
    • 2
    • Źródło terminu
    • kaba
    • 9
    • KHW
    • 452402
700 -Hasło dodatkowe - nazwa osobowa [1,2]
    • a
    • Nazwa osobowa (NP)
    • Frisch, Max Find
    • d
    • Daty biograficzne (NP)
    • (1911-1991).
    • t
    • Tytuł ujednolicony/tytuł (NP)
    • Don Juan oder Die Liebe zur Geometrie Find
    • l
    • Język tekstu (NP)
    • (niem.)
    • 9
    • KHW
    • 415726
700 -Hasło dodatkowe - nazwa osobowa [1,2]
    • a
    • Nazwa osobowa (NP)
    • Frisch, Max Find
    • d
    • Daty biograficzne (NP)
    • (1911-1991).
    • t
    • Tytuł ujednolicony/tytuł (NP)
    • Kleine Prosaschriften Find
    • l
    • Język tekstu (NP)
    • (niem.)
    • 9
    • KHW
    • 401894
700 -Hasło dodatkowe - nazwa osobowa [1,2]
    • a
    • Nazwa osobowa (NP)
    • Frisch, Max Find
    • d
    • Daty biograficzne (NP)
    • (1911-1991).
    • t
    • Tytuł ujednolicony/tytuł (NP)
    • Laie und die Architektur Find
    • l
    • Język tekstu (NP)
    • (niem.)
    • 9
    • KHW
    • 697979
700 -Hasło dodatkowe - nazwa osobowa [1,2]
    • a
    • Nazwa osobowa (NP)
    • Frisch, Max Find
    • d
    • Daty biograficzne (NP)
    • (1911-1991).
    • t
    • Tytuł ujednolicony/tytuł (NP)
    • Achtung: Die Schweiz Find
    • l
    • Język tekstu (NP)
    • (niem.)
    • 9
    • KHW
    • 697978
800 -Hasło dodatkowe opisu książki wielotomowej - nazwa osobowa [1, ]
    • a
    • Nazwa osobowa (NP)
    • Frisch, Max
    • d
    • Daty biograficzne (NP)
    • (1911-1991).
    • t
    • Tytuł ujednolicony/tytuł (NP)
    • Gesammelte Werke in zeitlicher Folge.
    • n
    • Oznaczenie części (P)
    • Bd. 3,
    • p
    • Nazwa części (P)
    • 1949-1956
    • v
    • Oznaczenie tomu (NP)
    • T. 1
    • 9
    • KHW
    • 474950
Lokalizacja Numer inwentarzowy Status udost. Sygnatura
BMG.3786-3Germ. Literatura szwajcarska